Ceniciento / (Registro nro. 12227)

Detalles MARC
000 -LIDER
fixed length control field 00910nam a22002897a 4500
001 - NÚMERO DE CONTROL
Identificador de número de control 020045415
003 - IDENTIFICACDOR DE NÚMERO DE CONTROL
control field DO-SdBPM
005 - DATE AND TIME OF LATEST TRANSACTION
control field 20250602123133.0
007 - CAMPOS FIJOS DE DESCRIPCIÓN FÍSICA
fixed length control field 020045415
008 - ELEMENTOS DE LONGITUD FIJA
fixed length control field 161202b1999 sp a |||| 00| 0 spa d
020 ## - ISBN
International Standard Book Number 8437223512
040 ## - FUENTE DE CATALOGACIÓN
Agencia que crea de manera original el registro DO-SdBPM
Idioma de catalogación spa
Agencia que realiza la transcripción BPMSU
082 #4 - NÚMERO DE CLASIFICACIÓN DECIMAL DE DEWEY
Classification number 823.8
Item number A628c 1999
Edition number 22
100 1# - ASIENTO PRINCIPAL -- NOMBRE PERSONAL
Nombre personal Anholt, Laurence
240 10 - TITULO UNIFORME
Título uniforme Cinderboy
245 10 - MENCIÓN DE TITULO
Título Ceniciento /
Mención de responsabilidad escrito por Laurence Anholt ; ilustrado por Arthur Robins ; traducido por Carlo Frabetti.
260 ## - PUBLICACIÓN, DISTRIBUCIÓN, ETC. (PIE DE IMPRENTA)
Lugar de publicación, distribución, etc Madrid :
Nombre del editor, distribuidor, etc. Altea,
Fecha de publicación, distribución, etc 1999.
300 ## - DESCRIPCIÓN FÍSICA
Extensión 63 p. :
Otros detalles físicos il. ;
Dimensiones 20 cm.
490 0# - MENCIÓN DE SERIES
Mención de serie Historias de siempre contadas como nunca
500 ## - NOTA GENERAL
Nota general A partir de 10 años
590 ## - NOTA LOCAL
Texto de la nota local Inventariado, 2025/VM
650 #4 - ENCABEZAMIENTO DE MATERIA--TEMÁTICO
Término temático o nombre geográfico como elemento de entrada Cuentos infantiles ingleses |
700 1# - ASIENTO SECUNDARIO -- NOMBRE PERSONAL
Nombre personal Frabetti, Carlo,
Mención de responsabilidad traductor
700 12 - ASIENTO SECUNDARIO -- NOMBRE PERSONAL
Nombre personal Robins, Arthur,
Mención de responsabilidad ilustrador
910 ## - VALIDACIÓN
Validación VMateo V. Control de calidad. BPMSU
942 ## - ADDED ENTRY ELEMENTS (KOHA)
Source of classification or shelving scheme Dewey Decimal Classification
Koha item type Libros
Existencias
Withdrawn status Lost status Source of classification or shelving scheme Damaged status Not for loan Collection code Home library Current library Date acquired Source of acquisition Total Checkouts Full call number Barcode Date last seen Price effective from Koha item type
    Dewey Decimal Classification     Colección Infantil General Biblioteca Pública Metropolitana Salomé Ureña Biblioteca Pública Metropolitana Salomé Ureña 12/02/2016 ALFAGUARA   BPMSU CGI 823.8 A628c 1999 BPMSU16120058 12/02/2016 12/02/2016 Libros